| 000 | 00486nam a22001937a 4500 | ||
|---|---|---|---|
| 999 |
_c8096 _d8096 |
||
| 003 | OSt | ||
| 005 | 20230317151850.0 | ||
| 008 | 230317b ||||| |||| 00| 0 eng d | ||
| 020 | _a043545126x | ||
| 040 | _cDDC | ||
| 082 | _a372HOW 1994 | ||
| 100 |
_aval warrilow; _916503 |
||
| 245 | _aAdmiministration; | ||
| 260 |
_aoxford, _bHeineamann Educational; _c1994. |
||
| 300 |
_a199p; _bill, _c28cm. |
||
| 504 | _aincludes index. | ||
| 650 |
_aadministration _91408 |
||
| 942 |
_2ddc _cO_SHELF |
||